000 00667nam a22002177a 4500
003 OSt
005 20260424024140.0
008 260424b |||||||| |||| 00| 0 eng d
020 _a981-4058-46-7
040 _aDWC-Main lib.
_cOC
082 _22nd ed.
_aCirc. 517.38 Ed96d 2000
100 _aPenney, David E.
245 _aDifferential equations:
_bcomputing and modeling/
_cDavid E. Penney
260 _aPhilippines :
_bPrentice-hall,
_cc2000.
504 _aInclude index.
650 _a1. Differential equations.
650 _a2. Boundary value problems.
700 _aEdwards, Henry C.
760 _b2nd ed.
942 _2ddc
_cBK-CIRC
_e2nd ed.
_hCirc.
_n0
999 _c9831
_d9831